000 00702nam a2200241 a 4500
001 BRL_593
005 20190320210820.0
008 060913s1961----u--#######---#000-0#eng-#
041 _aeng
044 _au
050 4 _aPZ3
_b.A33 1961
100 1 _aAgar, Brian
_924380
245 1 0 _aHave love, will share
_cBrian Agar
260 _aEstados Unidos
_bMonarch Books, INC.
_c1961
300 _a140 p.
_c18 cm.
440 0 _aA Contemporary Novel.
_n195.
_924381
500 _aAu687
500 _aEjemplar con desprendiemiento de portada y hojas. Partes faltantes en el lomo.
650 1 4 _aNovela estadounidense
_xFicción
_924382
650 1 4 _aSexo
_xFicción
_924383
902 _aGRL
942 _2lcc
_cB
999 _c9405
_d9405